1365 1055 1166 1612 1413 1912 1362 1265 1892 1502 1251 1120 1484 1070 1617 1452 1737 1991 1843 1145 1241 1590 1463 1592 1897 1691 1357 1640 1914 1081 1863 1512 1042 1501 1104 1140 1704 1950 1587 1521 1636 1631 1022 1833 1982 1467 1448 1443 1482 1375 1591 1933 1246 1461 1424 1316 1193 1052 1218 1152 1799 1044 1599 1738 1431 1667 1628 1315 1482 1708 1759 1966 1972 1168 1904 1390 1941 1950 1921 1620 1800 1373 1887 1302 1465 1274 1035 1175 1257 1196 1666 1863 1020 1146 1499 1292 1052 1726 1353 BCNSPRNW ULIB Ver.6.0+V

เปลี่ยนเป็นภาษาไทย

Change to English
 แสดงรายละเอียดบรรณานุกรม
  กลับหน้าหลัก

Brief Record : Get Marc (ISO 2709) : E-mail record : QR code < ปิดหน้าต่าง
LEADER : 00000nam 2200000uu 4500
001    13399122540
003     ULIB
008    130726s2554||||th 000 0 tha d
020    ^a9786162351235
050 04 ^aBQ5345.ส63^bค111พ
110    ^aคณะกรรมการฝ่ายประมวลเอกสารและจดหมายเหตุ
245    ^aพระธรรมเทศนามงคลวิเสสกถา พระราชพิธีเฉลิมพระชนมพรรษา พระบาทสมเด็จพระปรมินทรมหาภูมิพลอดุลยเดชพุทธศักราช 2489-2554/^cคณะกรรมการฝ่ายประมวลเอกสารและจดหมายเหตุ
260    ^aกรุงเทพฯ :^bสำนักงานเสริมสร้างเอกลักษณ์ของชาติ,^c2554
650    ^aธรรมเทศนา
945    ^p0^l0^i19990
999    ^aทศพร เกษรทอง
รายการนี้ยังไม่มีแท็ก
คุณยังไม่ได้ล็อกอิน คุณสามารถมีกิจกรรมร่วมกับเว็บไซต์ได้ แต่ต้องล็อกอินก่อน ::
  ล็อกอิน

รายการสื่อสารสนเทศ

ลำดับที่ ประเภท เลขเรียก/บาร์โค้ด สถานที่ สถานะ
1. การศึกษาทั่วไป
การศึกษาทั่วไป
BQ5345.ส63 ค111พ ฉ.1 
  Barcode: 19990
ห้องสมุดวิทยาเขตสวรรค์ประชารักษ์
►หนังสือทั่วไป
บนชั้น

รายการใกล้เคียง
    หัวเรื่อง [ธรรมเทศนา]

BibComment


ยังไม่เคยถูกคอมเมนท์

คอมเมนท์ทรัพยากรรายการนี้
  คอมเมนท์: พระธรรมเทศนามงคล..


 Copyright 2026. Bcnsprnw @Library